<?xml version="1.0" encoding="UTF-8"?>
<record
    xmlns:xsi="http://www.w3.org/2001/XMLSchema-instance"
    xsi:schemaLocation="http://www.loc.gov/MARC21/slim http://www.loc.gov/standards/marcxml/schema/MARC21slim.xsd"
    xmlns="http://www.loc.gov/MARC21/slim">

  <leader>00318nam a22001217a 4500</leader>
  <datafield tag="040" ind1=" " ind2=" ">
    <subfield code="c">SY</subfield>
  </datafield>
  <datafield tag="082" ind1=" " ind2=" ">
    <subfield code="a">639</subfield>
  </datafield>
  <datafield tag="100" ind1=" " ind2=" ">
    <subfield code="a">SAM SARON'; &#x179F;&#x17C6; &#x179F;&#x17B6;&#x179A;&#x17C9;&#x1793;</subfield>
  </datafield>
  <datafield tag="245" ind1=" " ind2=" ">
    <subfield code="a">&#x1780;&#x17B6;&#x179A;&#x1785;&#x17B7;&#x1789;&#x17D2;&#x1785;&#x17B9;&#x1798;&#x17B6;&#x1793;&#x17CB;&#x178F;&#x17B6;&#x1798;&#x179B;&#x1780;&#x17D2;&#x1781;&#x178E;&#x17C8;&#x1782;&#x17D2;&#x179A;&#x17BD;&#x179F;&#x17B6;&#x179A;</subfield>
  </datafield>
  <datafield tag="260" ind1=" " ind2=" ">
    <subfield code="a">RUA</subfield>
    <subfield code="b">SAM</subfield>
    <subfield code="c">1994</subfield>
  </datafield>
  <datafield tag="300" ind1=" " ind2=" ">
    <subfield code="a">45p.</subfield>
  </datafield>
  <datafield tag="942" ind1=" " ind2=" ">
    <subfield code="c">KB</subfield>
  </datafield>
  <datafield tag="999" ind1=" " ind2=" ">
    <subfield code="c">9613</subfield>
    <subfield code="d">9613</subfield>
  </datafield>
  <datafield tag="952" ind1=" " ind2=" ">
    <subfield code="0">0</subfield>
    <subfield code="1">0</subfield>
    <subfield code="4">0</subfield>
    <subfield code="6">639_000000000000000_SAM_1994_C238</subfield>
    <subfield code="7">0</subfield>
    <subfield code="9">51677</subfield>
    <subfield code="a">LBC</subfield>
    <subfield code="b">LBC</subfield>
    <subfield code="c">C238</subfield>
    <subfield code="d">2016-09-06</subfield>
    <subfield code="o">639 SAM 1994 C238</subfield>
    <subfield code="p">A00806</subfield>
    <subfield code="r">2016-09-06</subfield>
    <subfield code="y">KB</subfield>
  </datafield>
  <datafield tag="952" ind1=" " ind2=" ">
    <subfield code="0">0</subfield>
    <subfield code="1">0</subfield>
    <subfield code="4">0</subfield>
    <subfield code="6">639_000000000000000_SAM_1994_C238</subfield>
    <subfield code="7">0</subfield>
    <subfield code="9">51683</subfield>
    <subfield code="a">LBC</subfield>
    <subfield code="b">LBC</subfield>
    <subfield code="c">C238</subfield>
    <subfield code="d">2016-09-06</subfield>
    <subfield code="o">639 SAM 1994 C238</subfield>
    <subfield code="p">RUA042646</subfield>
    <subfield code="r">2016-09-06</subfield>
    <subfield code="y">KB</subfield>
  </datafield>
  <datafield tag="952" ind1=" " ind2=" ">
    <subfield code="0">0</subfield>
    <subfield code="1">0</subfield>
    <subfield code="4">0</subfield>
    <subfield code="6">639_000000000000000_SAM_1994_C242</subfield>
    <subfield code="7">0</subfield>
    <subfield code="9">52342</subfield>
    <subfield code="a">LBC</subfield>
    <subfield code="b">LBC</subfield>
    <subfield code="c">C242</subfield>
    <subfield code="d">2016-09-19</subfield>
    <subfield code="o">639 SAM 1994 C242</subfield>
    <subfield code="p">RUA045090</subfield>
    <subfield code="r">2016-09-19</subfield>
    <subfield code="y">KB</subfield>
  </datafield>
  <datafield tag="952" ind1=" " ind2=" ">
    <subfield code="0">0</subfield>
    <subfield code="1">0</subfield>
    <subfield code="4">0</subfield>
    <subfield code="6">639_SAM_1994_000000000000000_C235</subfield>
    <subfield code="7">0</subfield>
    <subfield code="9">52359</subfield>
    <subfield code="a">LBC</subfield>
    <subfield code="b">LBC</subfield>
    <subfield code="c">C235</subfield>
    <subfield code="d">2016-09-19</subfield>
    <subfield code="o">639&#x200B;&#x200B;  SAM 1994 C235</subfield>
    <subfield code="p">RUA045205</subfield>
    <subfield code="r">2016-09-19</subfield>
    <subfield code="y">KB</subfield>
  </datafield>
</record>
